Downtown : English for work and life

Downtown is a four-level, integrated skills series designed to give adult learners the comprehensive language skills needed for success in everyday life. With Downtown's traditional grammar sequence and solid coverage of Federal, State, and local standards, teaching to the standards has never b...

Full description

Saved in:
Bibliographic Details
Main Author: McBride, Edward J.
Format: Book
Language:Undetermined
Published: Boston, MA Thomson/Heinle 2006
Subjects:
Tags: Add Tag
No Tags, Be the first to tag this record!
Institutions: Trung tâm Học liệu Trường Đại học Cần Thơ
LEADER 00900nam a2200229Ia 4500
001 CTU_124021
008 210402s9999 xx 000 0 und d
020 |c 136000 
082 |a 428.24 
082 |b M119/T.1 
100 |a McBride, Edward J. 
245 0 |a Downtown : 
245 0 |b English for work and life 
245 0 |c Edward J. McBride 
260 |a Boston, MA 
260 |b Thomson/Heinle 
260 |c 2006 
520 |a Downtown is a four-level, integrated skills series designed to give adult learners the comprehensive language skills needed for success in everyday life. With Downtown's traditional grammar sequence and solid coverage of Federal, State, and local standards, teaching to the standards has never been easier. 
650 |a English language,English language 
650 |x Business English 
904 |i Minh 
980 |a Trung tâm Học liệu Trường Đại học Cần Thơ